
Library Catalogue

| 000 -LEADER | |
|---|---|
| fixed length control field | 00621cam a2200217 a 4500 |
| 001 - CONTROL NUMBER | |
| control field | 4341395 |
| 003 - CONTROL NUMBER IDENTIFIER | |
| control field | OSt |
| 005 - DATE AND TIME OF LATEST TRANSACTION | |
| control field | 20260420123009.0 |
| 008 - FIXED-LENGTH DATA ELEMENTS--GENERAL INFORMATION | |
| fixed length control field | 881223s1988 ii b 000 0 eng |
| 010 ## - LIBRARY OF CONGRESS CONTROL NUMBER | |
| LC control number | 88904453 |
| 020 ## - INTERNATIONAL STANDARD BOOK NUMBER | |
| International Standard Book Number | 9788185298016 |
| 040 ## - CATALOGING SOURCE | |
| Transcribing agency | . |
| 082 ## - DEWEY DECIMAL CLASSIFICATION NUMBER | |
| Classification number | 320.9581KRI |
| 100 1# - MAIN ENTRY--PERSONAL NAME | |
| Personal name | Krish,na Iyer, V. R. |
| Dates associated with a name | 1915- |
| 245 14 - TITLE STATEMENT | |
| Title | The new Afghan dawn / |
| Statement of responsibility, etc. | V.R. Krishna Iyer & Vinod Sethi. |
| 260 ## - PUBLICATION, DISTRIBUTION, ETC. | |
| Name of publisher, distributor, etc. | Indo-Afghan Friendship Society : |
| -- | Capital Foundation Society, |
| Date of publication, distribution, etc. | 1988. |
| 300 ## - PHYSICAL DESCRIPTION | |
| Extent | 179 p. ; |
| Dimensions | 23 cm. |
| 365 ## - TRADE PRICE | |
| Price amount | Rs. 100 |
| 651 #0 - SUBJECT ADDED ENTRY--GEOGRAPHIC NAME | |
| Geographic name | Afghanistan |
| General subdivision | Politics and government |
| Chronological subdivision | 1973-1989. |
| 942 ## - ADDED ENTRY ELEMENTS (KOHA) | |
| Source of classification or shelving scheme | Dewey Decimal Classification |
| Koha item type | BOOKs |
| Withdrawn status | Lost status | Damaged status | Not for loan | Home library | Current library | Shelving location | Date acquired | Cost, normal purchase price | Total Checkouts | Full call number | Barcode | Date last seen | Price effective from | Koha item type | Source of classification or shelving scheme |
|---|---|---|---|---|---|---|---|---|---|---|---|---|---|---|---|
| NLS | NLS | Library Compactors | 30/05/2017 | 100.00 | 320.9581 KRI-1 | 262 | 28/01/2020 | 30/05/2017 | BOOKs | ||||||
| NLS | NLS | Library Compactors | 30/05/2017 | 100.00 | 320.9581 KRI-2 | 263 | 30/05/2017 | 30/05/2017 | BOOKs | ||||||
| NLS | NLS | General Stacks | 30/05/2017 | 100.00 | 320.9581 KRI-3 | 264 | 30/05/2017 | 30/05/2017 | BOOKs | Dewey Decimal Classification |